000 00526nam a22001937a 4500
999 _c196622
_d196622
005 20230814160016.0
010 _aENG-137451
020 _c500.00
035 _aEN-120983
037 _bDBAD/PUB
082 _a954.54
100 _aSingh,P.K
245 _aBaitarani and Blue Hills/
_cBy P.K Singh,
260 _aKOLKATA
_bMILLENNIUM PRESS TOLLY RESIDENCY
270 _a339, NSC BOSE ROAD
_bKOLKATA
_e700047
300 _a566p.
_c22cm,
700 _aMICHEAL A COLLINS
942 _2ddc
_cEN
_mSIN
_h954.54